000 00634nam a22002297a 4500
999 _c377465
_d377465
001 91198
003 UA-OsUOA
005 20191217101035.0
007 ta
008 20121126b un ||||| |||| 00| 0 ukr d
040 _aUA-OsUOA
_bukr
_cUA-OsUOA
_dUA-OsUOA
041 _aukr
080 _a821.161.2
090 _a821.161.2
_bС31
100 _aСенченко І.
245 _aВибрані твори в двох томах: оповідання
_n1
260 _aК.
_bДніпро
_c1971
300 _a472 с.
650 7 _a82 Література. Літературознавство
_2UDC
942 _cBK
_2udc
955 _a3